<?xml version="1.0" encoding="UTF-8"?>
<record
    xmlns:xsi="http://www.w3.org/2001/XMLSchema-instance"
    xsi:schemaLocation="http://www.loc.gov/MARC21/slim http://www.loc.gov/standards/marcxml/schema/MARC21slim.xsd"
    xmlns="http://www.loc.gov/MARC21/slim">

  <leader>00542nam a22001577a 4500</leader>
  <controlfield tag="003">OSt</controlfield>
  <controlfield tag="005">20151208164735.0</controlfield>
  <controlfield tag="008">151208b        xxu||||| |||| 00| 0 eng d</controlfield>
  <datafield tag="040" ind1=" " ind2=" ">
    <subfield code="c">RUA </subfield>
  </datafield>
  <datafield tag="082" ind1=" " ind2=" ">
    <subfield code="a">ATM LIM 2006 B194 Or.1</subfield>
  </datafield>
  <datafield tag="100" ind1=" " ind2=" ">
    <subfield code="9">4560</subfield>
    <subfield code="a">LIM EAKKOURNG; &#x179B;&#x17B9;&#x1798; &#x17A2;&#x17CA;&#x17B6;&#x1780;&#x1782;&#x17BD;&#x1784;</subfield>
  </datafield>
  <datafield tag="245" ind1=" " ind2=" ">
    <subfield code="a">Agricultyral evolution in cambodia; &#x1780;&#x17B6;&#x179A;&#x179C;&#x17B7;&#x179C;&#x178F;&#x17D2;&#x178F;&#x1793;&#x17CD;&#x1780;&#x17D2;&#x1793;&#x17BB;&#x1784;&#x179C;&#x17B7;&#x179F;&#x17D0;&#x1799;&#x1780;&#x179F;&#x17B7;&#x1780;&#x1798;&#x17D2;&#x1798;&#x1780;&#x1798;&#x17D2;&#x1796;&#x17BB;&#x1787;&#x17B6;</subfield>
  </datafield>
  <datafield tag="260" ind1=" " ind2=" ">
    <subfield code="a">Phnom Penh </subfield>
    <subfield code="b">RUA </subfield>
    <subfield code="c">2006 </subfield>
  </datafield>
  <datafield tag="300" ind1=" " ind2=" ">
    <subfield code="a">ix; 52p.</subfield>
    <subfield code="b">ill.</subfield>
    <subfield code="c">29cm.</subfield>
  </datafield>
  <datafield tag="942" ind1=" " ind2=" ">
    <subfield code="2">ddc</subfield>
    <subfield code="c">ATM</subfield>
  </datafield>
  <datafield tag="999" ind1=" " ind2=" ">
    <subfield code="c">4249</subfield>
    <subfield code="d">4249</subfield>
  </datafield>
  <datafield tag="952" ind1=" " ind2=" ">
    <subfield code="0">0</subfield>
    <subfield code="1">0</subfield>
    <subfield code="2">ddc</subfield>
    <subfield code="4">0</subfield>
    <subfield code="6">ATM_LIM_2006_000000000000000_B194_OR_1</subfield>
    <subfield code="7">0</subfield>
    <subfield code="9">21470</subfield>
    <subfield code="a">LBB</subfield>
    <subfield code="b">LBB</subfield>
    <subfield code="c">B191</subfield>
    <subfield code="d">2015-12-08</subfield>
    <subfield code="o">ATM LIM 2006 B194 Or.1</subfield>
    <subfield code="p">RUA44415</subfield>
    <subfield code="r">2015-12-08</subfield>
    <subfield code="w">2015-12-08</subfield>
    <subfield code="y">ATM</subfield>
  </datafield>
  <datafield tag="952" ind1=" " ind2=" ">
    <subfield code="0">0</subfield>
    <subfield code="1">0</subfield>
    <subfield code="2">ddc</subfield>
    <subfield code="4">0</subfield>
    <subfield code="6">ATM_LIM_2006_000000000000000_B194_OR_2</subfield>
    <subfield code="7">0</subfield>
    <subfield code="9">21471</subfield>
    <subfield code="a">LBB</subfield>
    <subfield code="b">LBB</subfield>
    <subfield code="c">B191</subfield>
    <subfield code="d">2015-12-08</subfield>
    <subfield code="o">ATM LIM 2006 B194 Or.2</subfield>
    <subfield code="p">RUA44589</subfield>
    <subfield code="r">2015-12-08</subfield>
    <subfield code="w">2015-12-08</subfield>
    <subfield code="y">ATM</subfield>
  </datafield>
  <datafield tag="952" ind1=" " ind2=" ">
    <subfield code="0">0</subfield>
    <subfield code="1">0</subfield>
    <subfield code="2">ddc</subfield>
    <subfield code="4">0</subfield>
    <subfield code="6">ATM_LIM_2006_000000000000000_B194_OR_3</subfield>
    <subfield code="7">0</subfield>
    <subfield code="9">21472</subfield>
    <subfield code="a">LBB</subfield>
    <subfield code="b">LBB</subfield>
    <subfield code="c">B191</subfield>
    <subfield code="d">2015-12-08</subfield>
    <subfield code="o">ATM LIM 2006 B194 Or.3</subfield>
    <subfield code="p">RUA41503</subfield>
    <subfield code="r">2015-12-08</subfield>
    <subfield code="w">2015-12-08</subfield>
    <subfield code="y">ATM</subfield>
  </datafield>
  <datafield tag="952" ind1=" " ind2=" ">
    <subfield code="0">0</subfield>
    <subfield code="1">0</subfield>
    <subfield code="2">ddc</subfield>
    <subfield code="4">0</subfield>
    <subfield code="6">ATM_LIM_2006_000000000000000_B194_OR_4</subfield>
    <subfield code="7">0</subfield>
    <subfield code="9">21473</subfield>
    <subfield code="a">LBB</subfield>
    <subfield code="b">LBB</subfield>
    <subfield code="c">B191</subfield>
    <subfield code="d">2015-12-08</subfield>
    <subfield code="l">2</subfield>
    <subfield code="o">ATM LIM 2006 B194 Or.4</subfield>
    <subfield code="p">RUA44369</subfield>
    <subfield code="r">2016-05-02</subfield>
    <subfield code="s">2016-04-22</subfield>
    <subfield code="w">2015-12-08</subfield>
    <subfield code="y">ATM</subfield>
  </datafield>
  <datafield tag="952" ind1=" " ind2=" ">
    <subfield code="0">0</subfield>
    <subfield code="1">0</subfield>
    <subfield code="2">ddc</subfield>
    <subfield code="4">0</subfield>
    <subfield code="6">ATM_LIM_2006_000000000000000_B194_OR_5</subfield>
    <subfield code="7">0</subfield>
    <subfield code="9">21474</subfield>
    <subfield code="a">LBB</subfield>
    <subfield code="b">LBB</subfield>
    <subfield code="c">B191</subfield>
    <subfield code="d">2015-12-08</subfield>
    <subfield code="o">ATM LIM 2006 B194 Or.5</subfield>
    <subfield code="p">RUA44620</subfield>
    <subfield code="r">2015-12-08</subfield>
    <subfield code="w">2015-12-08</subfield>
    <subfield code="y">ATM</subfield>
  </datafield>
</record>
